000 01175nam a2200265Ia 4500
003 OSt
005 20220923211237.0
006 a|||||r|||| 00| 0
007 ta
008 220922b |||||||| |||| 00| 0 hin d
020 _a9788173120916 (hbk)
_c550
024 _a289,791
037 _b24575, 15/03/2016, Kitab Ghar
_cTextual
040 _aARTS
_cARTS
_bhin
041 _2hin
_ahin
082 _aP152:3, Q2
100 _aवर्मा, आर. पी.; मिश्रा, सुभाषिनी
_9159999
245 0 _aहिन्दी भाषा एवं व्याकरण
_b यू जी सी के नवीनतम पाठ्यक्रम पर आधारित
246 _aHindī bhāṣhā evan vyākaraṇa: yū jī sī ke navīnatam pāṭhyakram par ādhārita
260 _aदिल्ली
_b कान्ती पब्लिकेशन्स
_c2012
300 _a296पृ.
_ccm.
650 _aहिन्दी भाषा
942 _hP152:3, Q2
_cTEXL
_2CC
999 _c297540
_d297540